|
|
|
|
| LEADER |
00000nab a2200000 a 4500 |
| 001 |
vtls000080116 |
| 003 |
SK-MaSNL |
| 005 |
20260303202323.0 |
| 008 |
111031c1980 xo 0 slo |
| 015 |
|
|
|a SNBRA19rr/mm-uuuuu
|
| 035 |
|
|
|a CL0090217
|
| 040 |
|
|
|a SNKBUCL
|b slo
|c SNKBUCL
|e AACR2
|
| 041 |
0 |
|
|a slo
|
| 044 |
|
|
|a xo
|c SK
|
| 080 |
|
|
|a 551.7
|2 1981
|
| 100 |
1 |
|
|a Samuel, Ondrej,
|d 1931-2002
|4 aut
|9 42178
|
| 245 |
1 |
0 |
|a Litostratigrafická charakteristika vrchnokriedových a paleogénnych sedimentov Myjavskej pahorkatiny
|c Ondrej Samuel, Jozef Salaj, Augustín Began
|
| 300 |
|
|
|b Obr. 10. Res. angl.
|
| 650 |
0 |
7 |
|a sedimenty vrchnokriedové
|2 snkbucl
|9 1233951
|
| 650 |
0 |
7 |
|a sedimenty paleogénne
|2 snkbucl
|9 1233952
|
| 651 |
|
7 |
|a Myjavská pahorkatina (Slovensko)
|2 snkbucl
|9 82601
|
| 655 |
|
7 |
|a články zo zborníkov
|2 snkbucl
|9 166140
|
| 700 |
1 |
|
|a Salaj, Jozef,
|d 1932-
|4 aut
|9 39865
|
| 700 |
1 |
|
|a Began, Augustín
|4 aut
|9 283158
|
| 773 |
0 |
|
|t Západné Karpaty
|d Bratislava : Veda, 1980
|g S. 81-111
|
| 850 |
|
|
|a Slovenská národná knižnica v Martine
|a MTA001
|
| 852 |
|
|
|a SNK
|b KIS3GCP
|
| 958 |
|
|
|a RK
|
| 992 |
|
|
|a RZB
|
| 999 |
|
|
|c 2178951
|d 2180881
|